000 00535nam a22001697a 4500
005 20251108175730.0
008 250721s2015 xx 000 0 ara d
082 1 4 _a811.009/نجا
100 1 _aالنجار، ابن هدية
245 1 0 _aالعلق النفيس في شرح رسالة ابن خميس /
264 1 _aالدار البيضاء :
_bدار توبقال للنشر،
_c2015.
300 _a174 ص.
650 1 7 _aالشعر العربي
650 1 7 _aالنقد الادبي
942 _2ddc
_cBK
999 _c141075
_d141075